000 00545nam a2200145Ia 4500
008 140724s9999 xx 000 0 und d
050 _aRC 495
_b.Ab136 2009
100 _aAbdul Salam, Ayal N.
245 _aEffectiveness of therapeutic communication in alleviating anxiety among adults patients in a medical surgical ward /
_cAyni N. Abdul Salam.
260 _aLas PiƱas, Philippines :
_bSouthville International School and Colleges,
_cc2009.
300 _a44 p. :
_bcol. ill. ;
_c28 cm.
521 _aNursing
942 _cTH
999 _c228689
_d228689